000 03432nam a2201309Ia 4500
001 7849
008 191123s9999 xx 000 0 und d
020 _a9879746325
041 _aspa
044 _aag
100 _aOliveras, Elena,
245 0 _aLa levedad del límite :
_bArte argentino en el fin del milenio.
260 _aBuenos Aires :
_bFundación Pettoruti,
_c2000.
300 _a104 p.
_c23 cm.
500 _aDonación de la profesora Nelly Perazzo
504 _aReferencias pp. 103-104
650 _a ROBIROSA, JOSEFINA
650 _aARANOVICH, CLAUDIA
650 _aARES, MARTA
650 _aARTE DE MUJERES
650 _aARTE LIGHT
650 _aARTISTAS ARGENTINOS EN LOS 90
650 _aBACLE, ANDREA
650 _aBALLESTEROS, ERNESTO
650 _aBEDEL, JACQUES
650 _aBIANCHEDI, REMO
650 _aBONY, OSCAR
650 _aBORGES, NORAH
650 _aBOTO, MARTHA
650 _aBRUNET DE ANNAT, ANTONIA
650 _aBUENO, RAFAEL
650 _aCAMBRE, JUAN JOSE
650 _aCANCELA, DELIA
650 _aCENTURION, FELICIANO
650 _aCONCEPTUALISMO
650 _aCORREAS, NORA
650 _aDEL RIO, CLAUDIA
650 _aDESASTRES DE LA GUERRA
650 _aDIAZ Y CLUSELLAS, SOR JOSEFA
650 _aDUANE, HILDEGARDE
650 _aECOLOLOGIA
650 _aESCULTURA
650 _aETICA DE LO PROXIMO
650 _aFORNER, RAQUEL
650 _aFOTOPERFORMANCE
650 _aFUERTES, ROSANA
650 _aGAI, SILVIA
650 _aGARCIA URIBURU, NICOLAS
650 _aGENERO FEMENINO
650 _aGERTEIN, NOEMI
650 _aGIL, MARIA LUZ
650 _aGORDIN, SEBASTIAN
650 _aGRAVINESE, DIEGO
650 _aGRUPO DE LA X
650 _aHARTE, MIGUEL
650 _aHASPER, GACHI
650 _aHERRERO, ALICIA
650 _aINJUSTICIA SOCIAL
650 _aINSTALACIONISMO
650 _aIOMMI, ENIO
650 _aJACOBY, ROBERTO
650 _aKACERO, FAVIO
650 _aKITSCH
650 _aKUITCA, GUILLERMO
650 _aLAMELA, DAVID
650 _aLECOUNA, JUAN,
650 _aLLAMBIAS, ENRIQUE
650 _aLUBLIN, LEA
650 _aMACCHI, JORGE
650 _aMARGINALIDAD
650 _aMAZA, ZULEMA
650 _aMEDICI, EDUARDO
650 _aMILIYO, EMILIANO
650 _aMINUJIN, MARTA
650 _aMONZO, OSVALDO
650 _aMORA, LOLA
650 _aMOUJAN, MARCELA
650 _aMUJERES
650 _aONTIVEROS, DANIEL
650 _aPAKSA, MARGARITA
650 _aPAPARELLA, JUAN
650 _aPELUFFO, MARTHA
650 _aPIERRI, DUILIO
650 _aPOMBO, MARCELO
650 _aPORTER, LILIANA
650 _aPORTILLOS, ALFREDO
650 _aPREOCUPACION SOCIAL
650 _aPRIOR, ALFREDO
650 _aPUZZOVIO, DALILA
650 _aREARTE, ARMANDO
650 _aRIOS, BELEN
650 _aROMERO, JUAN CARLOS
650 _aSACCO, GRACIELA
650 _aSARMIENTO DE LENOIR, PROCESA
650 _aSCHILIRO, OMAR
650 _aSCHUFER, DIANA
650 _aSIDA
650 _aSIQUIER, PABLO
650 _aSUAREZ, PABLO
650 _aTEATRALIDAD
650 _aTESTA, CLORINDO
650 _aTORRAS, SILVIA
650 _aZABALA, HORACIO
902 _aM
903 _am
904 _am
907 _aimpreso
911 _a23 cm.
912 _a2000
942 _cLIBRO
999 _c5549
_d5549